Writing with a purpose

Պահպանված է:
Մատենագիտական մանրամասներ
Հիմնական հեղինակ: McCrimmon, James
Ձևաչափ: Գիրք
Լեզու:Undetermined
Հրապարակվել է: Estados Unidos Riberside Press 1957
Հրատարակություն:2
Խորագրեր:
Ցուցիչներ: Ավելացրեք ցուցիչ
Չկան պիտակներ, Եղեք առաջինը, ով նշում է այս գրառումը!

MARC

LEADER 00000nam a2200000Ia 4500
008 170316s9999 xx 000 0 und d
090 |a 415-I M-6w 
100 |a McCrimmon, James 
245 |a Writing with a purpose 
250 |a 2 
260 |a Estados Unidos 
260 |b Riberside Press 
260 |c 1957 
300 |a 607 páginas 
650 |a GRAMÁTICA INGLESA 
999 |c 19461  |d 19461 
040 |a cru BVZT 
942 |c 15 D  |h 415-I M-6w  |2 z